000 00616nam a2200229 a 4500
999 _c3416
_d3416
008 250307t2014 ii ||||g |||| 00| 0 eng d
020 _a9781402894626
040 _aKO
_beng
041 0 _aeng
044 _aii
082 0 4 _223
_a158.1
_bG9596
100 1 _aGupta, Naveen
245 1 0 _aSuccess
_b: do you deserve it ? /
_cNaveen Gupta and S. Porkodi
250 _a2nd ed.
260 _aVirudhunagar :
_bVirudhunagar hindu nadars ,
_c2014
300 _a198 p. :
_bill. ;
_c21 cm
504 _aIncludes Index.
650 0 _aSuccess
_xPsychological aspects
904 _aA_BOSE
942 _cBK
_2ddc